[Event "BRA-ch (Women) 62nd"]
[Site "Timbo"]
[Date "2023.11.03"]
[Round "7"]
[White "Rodio, Julia Brunetto"]
[Black "Bail, Ellen Larissa"]
[Result "1/2-1/2"]
[WhiteElo "1829"]
[BlackElo "1927"]
[PlyCount "130"]
[EventDate "2023.10.29"]
[EventType "swiss"]
[EventRounds "9"]
[EventCountry "BRA"]
[SourceTitle "Mega2024 Update 01"]
[Source "Chessbase"]
[SourceDate "2023.11.12"]
[SourceVersion "1"]
[SourceVersionDate "2023.11.12"]
[SourceQuality "1"]

1. d4 d5 2. Nf3 Nf6 3. Bf4 e6 4. e3 Bd6 5. Nbd2 0-0 6. Bd3 b6 7. Qe2 a5 8. Ne5 Ba6 9. Bxa6 Nxa6 10. c3 c5 11. Bg5 Nb8 12. Qb5 a4 13. Qe2 Qc7 14. Bxf6 gxf6 15. Ng4 Qe7 16. Qf3 Nd7 17. Qh3 Kh8 18. Nh6 b5 19. Nf3 b4 20. 0-0 bxc3 21. bxc3 f5 22. g4 fxg4 23. Nxg4 Rg8 24. Kh1 Rab8 25. Rab1 c4 26. Nfe5 Bxe5 27. dxe5 a3 28. f4 Rxb1 29. Rxb1 f5 30. exf6 Nxf6 31. Nh6 Re8 32. Rg1 d4 33. exd4 Qf8 34. Qh4 Qe7 35. Qg5 Qb7+ 36. Qg2 Re7 37. h3 Qxg2+ 38. Rxg2 Rg7 39. Re2 Rg6 40. Nf7+ Kg8 41. Ng5 Nd5 42. Ne4 Nxf4 43. Rf2 Nd3 44. Rc2 Ne1 45. Rf2 Nd3 46. Rc2 Rg7 47. Nd6 Rc7 48. Re2 Nf4 49. Re3 Rc6 50. Nb5 Ra6 51. Kh2 Ra5 52. Nd6 Ra4 53. Rg3+ Ng6 54. Rg5 Kf8 55. Rc5 Nf4 56. Rxc4 Ra6 57. Nb5 Nd3 58. Rc8+ Kf7 59. Rc7+ Kg6 60. c4 Nb4 61. Nc3 Rd6 62. Rb7 Nc2 63. Nb5 Rd8 64. Ra7 Rf8 65. Nxa3 Nxd4 1/2-1/2

[Event "BRA-ch (Women) 62nd"]
[Site "Timbo"]
[Date "2023.10.29"]
[Round "1"]
[White "Rodio, Julia Brunetto"]
[Black "Ramos, Fernanda Cabreira"]
[Result "1-0"]
[WhiteElo "1829"]
[BlackElo "1234"]
[PlyCount "139"]
[EventDate "2023.10.29"]
[EventType "swiss"]
[EventRounds "9"]
[EventCountry "BRA"]
[SourceTitle "Mega2024 Update 01"]
[Source "Chessbase"]
[SourceDate "2023.11.12"]
[SourceVersion "1"]
[SourceVersionDate "2023.11.12"]
[SourceQuality "1"]

1. e4 d5 2. exd5 Qxd5 3. Nc3 Qd8 4. Bc4 Nf6 5. d4 c6 6. Nge2 e6 7. 0-0 Be7 8. Ng3 b5 9. Be2 Bb7 10. Bf3 Qc7 11. Nce4 Nbd7 12. a4 a6 13. c3 0-0 14. Bg5 Rfe8 15. Qd2 Rad8 16. Qf4 Qxf4 17. Bxf4 Nd5 18. Bd6 N7f6 19. Bxe7 Rxe7 20. Nc5 Bc8 21. axb5 axb5 22. Rfe1 Ree8 23. Nge4 Nxe4 24. Bxe4 Re7 25. g3 Rc7 26. f4 Nf6 27. Ra8 Rf8 28. Rea1 Nd5 29. R1a7 Rxa7 30. Rxa7 f5 31. Bxd5 exd5 32. Rc7 Re8 33. Rxc6 Kf8 34. Kf2 Ke7 35. Rc7+ Kf8 36. Rc6 Ke7 37. Rb6 g6 38. Rxb5 Kd6 39. Ra5 Kc6 40. Ra7 Rh8 41. Ra8 Kc7 42. b4 Kc6 43. Ke3 Re8+ 44. Kd3 Rh8 45. Ra7 Kb6 46. Re7 Kc6 47. c4 Kd6 48. Ra7 Kc6 49. cxd5+ Kxd5 50. b5 h5 51. Ra8 g5 52. b6 Rh6 53. Rxc8 Rxb6 54. Rf8 gxf4 55. Rxf5+ Kc6 56. Rf6+ Kb5 57. Rxb6+ Kxb6 58. gxf4 Kc6 59. Ke4 Kd6 60. f5 Ke7 61. Ke5 Kf7 62. d5 Ke7 63. d6+ Ke8 64. Ke6 Kd8 65. Nb7+ Ke8 66. d7+ Kf8 67. d8Q+ Kg7 68. Qf6+ Kh7 69. Kf7 h4 70. Qg7# 1-0

[Event "Catarinense-ch U20 Girls"]
[Site "Rio Negrinho"]
[Date "2023.03.25"]
[Round "3"]
[White "Da Silva, Leticia Alice"]
[Black "Rodio, Julia Brunetto"]
[Result "0-1"]
[WhiteElo "1338"]
[BlackElo "1831"]
[PlyCount "56"]
[EventDate "2023.03.24"]
[EventType "swiss"]
[EventRounds "6"]
[EventCountry "BRA"]
[SourceTitle "CBM 213 Extra"]
[Source "ChessBase"]
[SourceDate "2023.05.31"]
[SourceVersion "1"]
[SourceVersionDate "2023.05.31"]
[SourceQuality "1"]

1. e4 c5 2. Nf3 e6 3. c3 Nf6 4. Bd3 Nc6 5. Bc2 d5 6. e5 Nd7 7. d4 Be7 8. 0-0 b6 9. a3 Ba6 10. Re1 g5 11. h3 h5 12. Nh2 Qc7 13. g3 cxd4 14. cxd4 Nxd4 15. Qxd4 Qxc2 16. Nc3 Bc5 17. Qd2 Qf5 18. b4 Be7 19. Qd4 Qxh3 20. Re3 g4 21. Qf4 h4 22. gxh4 Qxh4 23. Re1 Rc8 24. Bb2 Bg5 25. Qg3 Qxg3+ 26. fxg3 Bd2 27. Red1 Bxc3 28. Rac1 Bxb2 0-1

[Event "Florianopolis Spring op 2nd"]
[Site "Florianopolis"]
[Date "2022.10.22"]
[Round "4"]
[White "Luz, Christian Oliveira"]
[Black "Rodio, Julia Brunetto"]
[Result "0-1"]
[WhiteElo "1547"]
[BlackElo "1841"]
[PlyCount "72"]
[EventDate "2022.10.21"]
[EventType "swiss"]
[EventRounds "6"]
[EventCountry "BRA"]
[SourceTitle "EXT 2024"]
[Source "ChessBase"]
[SourceDate "2023.10.10"]
[SourceVersion "1"]
[SourceVersionDate "2023.10.10"]
[SourceQuality "1"]

1. e4 c5 2. Nf3 a6 3. c4 d6 4. Nc3 Nf6 5. h3 e6 6. Be2 Be7 7. 0-0 Qc7 8. d4 cxd4 9. Nxd4 b6 10. Be3 Bb7 11. f3 Nbd7 12. a3 0-0 13. b4 Nh5 14. Qe1 Rac8 15. f4 Nhf6 16. Bd3 Qb8 17. Rc1 Rfe8 18. g4 Qa8 19. g5 Nxe4 20. Qh4 Nf8 21. f5 exf5 22. Nxf5 Ng6 23. Qh5 Bf8 24. Bd4 Nd2 25. Rf4 Bf3 26. Rxf3 Qxf3 27. Qxf3 Nxf3+ 28. Kf2 Nxd4 29. Nxd4 Ne5 30. Bf1 Nxc4 31. Nd5 b5 32. a4 Re4 33. Nf3 bxa4 34. Nd2 Rd4 35. Nxc4 Rxd5 36. Rc2 Rd4 0-1

[Event "Concordia op 6th"]
[Site "Concordia"]
[Date "2022.10.16"]
[Round "9"]
[White "Rodio, Julia Brunetto"]
[Black "Decezare, Jucian Kaue"]
[Result "1-0"]
[WhiteElo "1841"]
[BlackElo "1638"]
[PlyCount "53"]
[EventDate "2022.10.12"]
[EventType "swiss"]
[EventRounds "9"]
[EventCountry "BRA"]
[SourceTitle "EXT 2024"]
[Source "ChessBase"]
[SourceDate "2023.10.10"]
[SourceVersion "1"]
[SourceVersionDate "2023.10.10"]
[SourceQuality "1"]

1. e4 c5 2. Nc3 d6 3. g3 Nc6 4. Bg2 Nf6 5. d3 g6 6. h3 Bg7 7. Be3 Rb8 8. Qd2 b5 9. f4 Qc7 10. Nf3 b4 11. Nd1 a5 12. 0-0 a4 13. Rb1 c4 14. e5 dxe5 15. fxe5 Nxe5 16. Nxe5 Qxe5 17. dxc4 0-0 18. Bf4 Qc5+ 19. Kh2 e5 20. Bg5 Nd7 21. b3 Nb6 22. Nf2 Be6 23. Ne4 Qc8 24. Nf6+ Kh8 25. Bh6 Rd8 26. Bxg7+ Kxg7 27. Nh5+ 1-0

[Event "Concordia op 6th"]
[Site "Concordia"]
[Date "2022.10.15"]
[Round "7"]
[White "Rodio, Julia Brunetto"]
[Black "Albiero, Marco Antonio Batis"]
[Result "1-0"]
[WhiteElo "1841"]
[BlackElo "1584"]
[PlyCount "89"]
[EventDate "2022.10.12"]
[EventType "swiss"]
[EventRounds "9"]
[EventCountry "BRA"]
[SourceTitle "CBM 210 Extra"]
[Source "ChessBase"]
[SourceDate "2022.11.30"]
[SourceVersion "1"]
[SourceVersionDate "2022.11.30"]
[SourceQuality "1"]

1. e4 e5 2. Nf3 Nc6 3. Bb5 a6 4. Ba4 Nf6 5. Qe2 b5 6. Bb3 Be7 7. 0-0 d6 8. c3 0-0 9. Re1 Na5 10. Bc2 c5 11. d4 Qc7 12. d5 Bg4 13. b3 Rfb8 14. h3 Bh5 15. Nbd2 Bg6 16. Nf1 c4 17. b4 Nb7 18. Bg5 h6 19. Bxf6 Bxf6 20. a4 Nd8 21. Ne3 Ra7 22. Reb1 Rba8 23. Rb2 Qd7 24. Rba2 Be7 25. Ra3 Bh5 26. g4 Bg6 27. Bb1 h5 28. Qa2 hxg4 29. hxg4 a5 30. axb5 Qxb5 31. Qxc4 Qb6 32. Qa2 Nb7 33. Bd3 Qc7 34. Nd2 Bg5 35. Ndc4 Bxe3 36. Nxe3 Qd7 37. Qe2 Nd8 38. Rxa5 Rxa5 39. Rxa5 Rxa5 40. bxa5 Qa4 41. a6 Bxe4 42. Bxe4 Qxe4 43. Qc4 Qb1+ 44. Kg2 Qb6 45. Qc8 1-0

[Event "Concordia op 6th"]
[Site "Concordia"]
[Date "2022.10.14"]
[Round "5"]
[White "Rodio, Julia Brunetto"]
[Black "Da Silva, Joao Carlos Orguim"]
[Result "1-0"]
[WhiteElo "1841"]
[BlackElo "1748"]
[PlyCount "61"]
[EventDate "2022.10.12"]
[EventType "swiss"]
[EventRounds "9"]
[EventCountry "BRA"]
[SourceTitle "CBM 210 Extra"]
[Source "ChessBase"]
[SourceDate "2022.11.30"]
[SourceVersion "1"]
[SourceVersionDate "2022.11.30"]
[SourceQuality "1"]

1. e4 c5 2. Nc3 a6 3. g3 b5 4. Bg2 Bb7 5. d3 Nf6 6. f4 e6 7. Nf3 Be7 8. 0-0 0-0 9. h3 d5 10. e5 Ne8 11. Qe1 b4 12. Ne2 d4 13. g4 Nd7 14. Ng3 Nc7 15. f5 Bxf3 16. Bxf3 Nd5 17. Bxd5 exd5 18. Bf4 Bg5 19. Qd2 Bxf4 20. Qxf4 Qc7 21. Rae1 Rfe8 22. f6 gxf6 23. Nh5 Rxe5 24. Nxf6+ Nxf6 25. Rxe5 Qb8 26. Qxf6 Qc7 27. Rff5 h6 28. Qxh6 f6 29. Qxf6 Ra7 30. Re8+ Kh7 31. Rh8# 1-0

[Event "Timbo U2200 op 2nd"]
[Site "Timbo"]
[Date "2022.08.14"]
[Round "5"]
[White "Franca, Willian Bento"]
[Black "Rodio, Julia Brunetto"]
[Result "1-0"]
[WhiteElo "2179"]
[BlackElo "1804"]
[PlyCount "96"]
[EventDate "2022.08.12"]
[EventType "swiss"]
[EventRounds "6"]
[EventCountry "BRA"]
[SourceTitle "EXT 2024"]
[Source "ChessBase"]
[SourceDate "2023.10.10"]
[SourceVersion "1"]
[SourceVersionDate "2023.10.10"]
[SourceQuality "1"]

1. c4 Nf6 2. Nf3 g6 3. g3 Bg7 4. Bg2 0-0 5. Nc3 d6 6. 0-0 c6 7. Qa4 Nbd7 8. Rb1 Nc5 9. Qc2 a5 10. d3 h6 11. b3 e5 12. Nd2 Ne6 13. a3 Ng5 14. Nf3 Nh3+ 15. Kh1 Nh7 16. b4 axb4 17. axb4 N7g5 18. b5 Nxf3 19. exf3 Ng5 20. bxc6 bxc6 21. f4 Ne6 22. Ne2 Qc7 23. Be3 Nc5 24. fxe5 Bf5 25. Bxc5 dxc5 26. f4 Ra3 27. Nc3 Rd8 28. Rfd1 Qa5 29. Ne4 Ra2 30. Qb3 Bg4 31. Re1 Ra3 32. Qb7 Raxd3 33. Qxc6 Qa2 34. Nf6+ Bxf6 35. exf6 Rf8 36. Qxc5 Rdd8 37. Bd5 Qd2 38. Qe3 Qc2 39. Qe4 Qxe4+ 40. Bxe4 Rd6 41. c5 Rxf6 42. Rb6 Re6 43. Rxe6 Bxe6 44. Kg1 Rd8 45. c6 Rc8 46. Kf2 Bb3 47. Ke3 Ba4 48. Rc1 Kf8 1-0

[Event "Timbo U2200 op 2nd"]
[Site "Timbo"]
[Date "2022.08.13"]
[Round "4"]
[White "Rodio, Julia Brunetto"]
[Black "Dos Santos, Haroldo Cunha Jr"]
[Result "1-0"]
[WhiteElo "1804"]
[BlackElo "2102"]
[PlyCount "82"]
[EventDate "2022.08.12"]
[EventType "swiss"]
[EventRounds "6"]
[EventCountry "BRA"]
[SourceTitle "EXT 2024"]
[Source "ChessBase"]
[SourceDate "2023.10.10"]
[SourceVersion "1"]
[SourceVersionDate "2023.10.10"]
[SourceQuality "1"]

1. e4 e5 2. Nf3 Nc6 3. d4 exd4 4. Nxd4 d6 5. Nc3 Nf6 6. Be2 Be7 7. 0-0 0-0 8. f4 Re8 9. Bf3 Bf8 10. Kh1 Bd7 11. Nb3 Qc8 12. Be3 g6 13. Qd2 a5 14. a4 Nb4 15. Nd4 Na6 16. Nb3 Bc6 17. f5 Bg7 18. Bh6 Bh8 19. Rae1 Nb8 20. h4 Nbd7 21. h5 Ne5 22. Qg5 Qd8 23. hxg6 fxg6 24. Nd4 Bd7 25. fxg6 hxg6 26. Be2 Nh7 27. Bc4+ Be6 28. Bxe6+ Rxe6 29. Qxd8+ Rxd8 30. Nxe6 Rd7 31. Nd5 c6 32. Nc3 Ng4 33. Bd2 Re7 34. Nf4 Be5 35. Nxg6 Rd7 36. Nxe5 dxe5 37. Be3 Ngf6 38. Rf3 b5 39. Ref1 b4 40. Ne2 Nxe4 41. Ng3 Rd6 1-0

[Event "Florianopolis op 8th"]
[Site "Florianopolis"]
[Date "2022.01.28"]
[Round "7"]
[White "Rodio, Julia Brunetto"]
[Black "Viana da Costa, Fernando"]
[Result "0-1"]
[WhiteElo "1735"]
[BlackElo "2300"]
[PlyCount "68"]
[EventDate "2022.01.24"]
[EventType "swiss"]
[EventRounds "10"]
[EventCountry "BRA"]
[SourceTitle "EXT 2023"]
[Source "ChessBase"]
[SourceDate "2022.10.05"]
[SourceVersion "1"]
[SourceVersionDate "2022.10.05"]
[SourceQuality "1"]

1. e4 c5 2. Nc3 Nc6 3. g3 g6 4. Bg2 Bg7 5. d3 d6 6. Be3 Rb8 7. Qd2 b5 8. f4 b4 9. Nd1 e6 10. Nf3 Nge7 11. 0-0 0-0 12. e5 dxe5 13. fxe5 Nxe5 14. Nxe5 Bxe5 15. Bxc5 Bd4+ 16. Bxd4 Qxd4+ 17. Qf2 Nf5 18. Qxd4 Nxd4 19. Ne3 e5 20. Bd5 Kg7 21. Rf2 f6 22. Kg2 Rb5 23. c3 bxc3 24. bxc3 Nf5 25. Nxf5+ Bxf5 26. c4 Rb4 27. Rd1 Rd8 28. Rdd2 a5 29. h3 h5 30. Rfe2 a4 31. d4 exd4 32. Rxd4 a3 33. Red2 Rb2 34. h4 Bb1 0-1

[Event "Florianopolis op 8th"]
[Site "Florianopolis"]
[Date "2022.01.25"]
[Round "3"]
[White "De Carvalho, Amauri"]
[Black "Rodio, Julia Brunetto"]
[Result "0-1"]
[WhiteElo "1200"]
[BlackElo "1735"]
[PlyCount "84"]
[EventDate "2022.01.24"]
[EventType "swiss"]
[EventRounds "10"]
[EventCountry "BRA"]
[SourceTitle "CBM 206 Extra"]
[Source "ChessBase"]
[SourceDate "2022.03.31"]
[SourceVersion "1"]
[SourceVersionDate "2022.03.31"]
[SourceQuality "1"]

1. Nf3 Nf6 2. g3 d5 3. Bg2 c5 4. 0-0 Nc6 5. d3 e6 6. Nbd2 Be7 7. Re1 0-0 8. b3 Rb8 9. Bb2 b5 10. Ne5 Nxe5 11. Bxe5 Bd6 12. Nf3 d4 13. Bxd6 Qxd6 14. Ng5 Nd5 15. Qd2 h6 16. Ne4 Qc7 17. c4 bxc4 18. bxc4 Ne7 19. f3 Nf5 20. Qf4 e5 21. Qc1 Ne3 22. Rb1 Bf5 23. Nf2 Rxb1 24. Qxb1 Rb8 25. Qc1 Qa5 26. a3 Rb3 27. g4 Bg6 28. Ne4 Bxe4 29. fxe4 Rxa3 30. Bf3 Rc3 31. Qa1 Qb4 32. Rb1 Rb3 33. Rc1 a5 34. Kf2 a4 35. h4 Ra3 36. Qb1 Qxb1 37. Rxb1 Rb3 38. Rc1 a3 39. g5 hxg5 40. hxg5 a2 41. Ra1 Rb2 42. Kg3 Nc2 0-1

[Event "Florianopolis op 8th"]
[Site "Florianopolis"]
[Date "2022.01.25"]
[Round "2"]
[White "Rodio, Julia Brunetto"]
[Black "De Brito, Gabrielly Rodrigues"]
[Result "1/2-1/2"]
[WhiteElo "1735"]
[BlackElo "1302"]
[PlyCount "72"]
[EventDate "2022.01.24"]
[EventType "swiss"]
[EventRounds "10"]
[EventCountry "BRA"]
[SourceTitle "EXT 2023"]
[Source "ChessBase"]
[SourceDate "2022.10.05"]
[SourceVersion "1"]
[SourceVersionDate "2022.10.05"]
[SourceQuality "1"]

1. e4 c5 2. Nc3 Nc6 3. g3 g6 4. Bg2 Bg7 5. d3 e6 6. Be3 d6 7. Qd2 h6 8. f4 Nge7 9. Nf3 0-0 10. 0-0 Kh7 11. e5 dxe5 12. fxe5 c4 13. d4 Nf5 14. Ne4 Nxe3 15. Qxe3 Ne7 16. Qe2 Bd7 17. Nd6 Bc6 18. Nd2 Bxg2 19. Qxg2 Nf5 20. N2xc4 Nxd4 21. Rxf7 Rxf7 22. Nxf7 Qe7 23. Nfd6 Nc6 24. Rf1 Rf8 25. Rxf8 Qxf8 26. b3 Nxe5 27. Nxe5 Qxd6 28. Nd3 Qd4+ 29. Qf2 Qa1+ 30. Kg2 Qxa2 31. Nc5 Qa5 32. Qf3 Qd2+ 33. Qf2 Qd5+ 34. Qf3 Qd2+ 35. Qf2 Qd5+ 36. Qf3 Qd2+ 1/2-1/2

[Event "BRA-ch (Women) 60th"]
[Site "Cuiaba"]
[Date "2021.11.02"]
[Round "9"]
[White "Rodio, Julia Brunetto"]
[Black "Flores, Clarice Soares Leit"]
[Result "1/2-1/2"]
[WhiteElo "1788"]
[BlackElo "1656"]
[PlyCount "66"]
[EventDate "2021.10.28"]
[EventType "swiss"]
[EventRounds "11"]
[EventCountry "BRA"]
[SourceTitle "CBM 205 Extra"]
[Source "ChessBase"]
[SourceDate "2022.01.31"]
[SourceVersion "1"]
[SourceVersionDate "2022.01.31"]
[SourceQuality "1"]

1. e4 c5 2. Nc3 Nc6 3. g3 g6 4. Bg2 Bg7 5. d3 d6 6. f4 e6 7. Nf3 Nge7 8. 0-0 0-0 9. Be3 b6 10. Qd2 d5 11. exd5 exd5 12. Bf2 Ba6 13. Rfe1 d4 14. Ne4 h6 15. Qd1 Qc7 16. Ned2 Rad8 17. Nc4 Bb7 18. a4 Rfe8 19. Qd2 Nd5 20. Rxe8+ Rxe8 21. Re1 Rxe1+ 22. Qxe1 Nde7 23. Qe2 a6 24. Be1 b5 25. axb5 axb5 26. Na5 Nxa5 27. Bxa5 Bxf3 28. Bxf3 Qxa5 29. Qxe7 Bf8 30. Qe8 Qa2 31. Kg2 b4 32. Qd7 Qe6 33. Qxe6 fxe6 1/2-1/2

[Event "BRA-ch (Women) 60th"]
[Site "Cuiaba"]
[Date "2021.11.01"]
[Round "7"]
[White "Felix, Luiza de Oliveira"]
[Black "Rodio, Julia Brunetto"]
[Result "1-0"]
[WhiteElo "1599"]
[BlackElo "1788"]
[PlyCount "79"]
[EventDate "2021.10.28"]
[EventType "swiss"]
[EventRounds "11"]
[EventCountry "BRA"]
[SourceTitle "CBM 205 Extra"]
[Source "ChessBase"]
[SourceDate "2022.01.31"]
[SourceVersion "1"]
[SourceVersionDate "2022.01.31"]
[SourceQuality "1"]

1. c4 e5 2. g3 Nc6 3. Bg2 g6 4. Nf3 Bg7 5. Nc3 d6 6. d3 Nge7 7. Rb1 f5 8. Bd2 a5 9. a3 0-0 10. b4 axb4 11. axb4 h6 12. b5 Nb8 13. 0-0 Nd7 14. Qc2 Nc5 15. Ra1 Be6 16. Be3 Rxa1 17. Rxa1 b6 18. Ra8 Nc8 19. Ra3 Nd7 20. Na2 g5 21. Nb4 f4 22. Bc1 fxg3 23. hxg3 Qf6 24. Be3 Qf7 25. Nc6 Nf6 26. Ra8 Ng4 27. Qd2 Bf6 28. Nh2 Qh5 29. Nxg4 Bxg4 30. d4 e4 31. Bxe4 Bxe2 32. d5 Bf3 33. Bxf3 Qxf3 34. Bd4 Ne7 35. Nxe7+ Bxe7 36. Qc2 Qf7 37. Ra7 Qe8 38. Rxc7 Rf7 39. Qg6+ Kf8 40. Qxh6+ 1-0

[Event "BRA-ch (Women) 60th"]
[Site "Cuiaba"]
[Date "2021.10.31"]
[Round "5"]
[White "Alboredo, Julia"]
[Black "Rodio, Julia Brunetto"]
[Result "1-0"]
[WhiteElo "2183"]
[BlackElo "1788"]
[PlyCount "85"]
[EventDate "2021.10.28"]
[EventType "swiss"]
[EventRounds "11"]
[EventCountry "BRA"]
[SourceTitle "CBM 205 Extra"]
[Source "ChessBase"]
[SourceDate "2022.01.31"]
[SourceVersion "1"]
[SourceVersionDate "2022.01.31"]
[SourceQuality "1"]

1. e4 c5 2. Nf3 a6 3. c3 d5 4. exd5 Qxd5 5. d4 Nf6 6. Be2 e6 7. 0-0 Nc6 8. Be3 Be7 9. dxc5 Qxd1 10. Rxd1 Ng4 11. b4 Nxe3 12. fxe3 Bf6 13. Nd4 Bd7 14. Nd2 Ne5 15. Ne4 Be7 16. Nb3 Bc6 17. Nd6+ Bxd6 18. cxd6 Bd5 19. Nc5 Nd7 20. Nxd7 Kxd7 21. c4 Be4 22. c5 Rhc8 23. Rac1 Bd5 24. Bf3 Bxf3 25. gxf3 Rc6 26. Rc3 Rac8 27. Rdc1 Rb8 28. Ra3 Rbc8 29. Rd1 Ra8 30. e4 e5 31. Kf2 f6 32. h4 b6 33. Rc1 bxc5 34. bxc5 Rac8 35. Rac3 a5 36. h5 a4 37. Ke3 Rb8 38. Rg1 g6 39. hxg6 hxg6 40. Rxg6 Rb2 41. Rg7+ Kd8 42. Rc1 Rh2 43. Rb1 1-0

[Event "BRA-ch (Women) 60th"]
[Site "Cuiaba"]
[Date "2021.10.31"]
[Round "6"]
[White "Rodio, Julia Brunetto"]
[Black "Martins de Aguiar, Marina"]
[Result "0-1"]
[WhiteElo "1788"]
[BlackElo "1713"]
[PlyCount "96"]
[EventDate "2021.10.28"]
[EventType "swiss"]
[EventRounds "11"]
[EventCountry "BRA"]
[SourceTitle "CBM 205 Extra"]
[Source "ChessBase"]
[SourceDate "2022.01.31"]
[SourceVersion "1"]
[SourceVersionDate "2022.01.31"]
[SourceQuality "1"]

1. d4 Nf6 2. Nf3 g6 3. g3 Bg7 4. Bg2 0-0 5. 0-0 d6 6. b3 Nbd7 7. Bb2 c5 8. Nbd2 Rb8 9. e4 cxd4 10. Nxd4 Ne5 11. h3 Bd7 12. Qe2 Nc6 13. N2f3 Qa5 14. Nxc6 Bxc6 15. Nd4 Bd7 16. c4 a6 17. Rac1 b5 18. c5 dxc5 19. Rxc5 Rbc8 20. Rxc8 Rxc8 21. e5 Ne8 22. Kh2 Nc7 23. Rc1 Rd8 24. b4 Qb6 25. Nc6 Bxc6 26. Rxc6 Qb8 27. Qc2 Ne6 28. f4 Qa7 29. Rc8 Qd7 30. Rxd8+ Qxd8 31. Bc3 Qb6 32. Qd2 Qc7 33. a3 h5 34. Bb2 h4 35. gxh4 Qc4 36. Bc1 Qc7 37. Bb2 Qc4 38. Bc1 Qc7 39. Bb2 Qc4 40. Bc1 Bh6 41. Qd1 Bxf4+ 42. Bxf4 Qxf4+ 43. Kg1 Qxe5 44. Qc1 Kg7 45. Kh1 Nd4 46. Qc8 Qf6 47. Qd7 Ne2 48. Qg4 Qa1+ 0-1

[Event "Santa Catarina State-ch (Women) 34th"]
[Site "Rio Negrinho"]
[Date "2021.07.23"]
[Round "2"]
[White "Rodio, Julia Brunetto"]
[Black "Warginowski, Leticia"]
[Result "1-0"]
[WhiteElo "1763"]
[BlackElo "1433"]
[PlyCount "63"]
[EventDate "2021.07.22"]
[EventType "swiss"]
[EventRounds "7"]
[EventCountry "BRA"]
[SourceTitle "EXT 2022"]
[Source "ChessBase"]
[SourceDate "2021.10.06"]
[SourceVersion "1"]
[SourceVersionDate "2021.10.06"]
[SourceQuality "1"]

1. e4 c5 2. Nc3 Nc6 3. g3 e6 4. Bg2 Nf6 5. d3 Be7 6. f4 d6 7. Nf3 0-0 8. 0-0 a6 9. a4 Nd4 10. Ne2 Nxf3+ 11. Bxf3 e5 12. Nc3 exf4 13. Bxf4 Qb6 14. Qd2 Bh3 15. Rfe1 Rfe8 16. a5 Qd8 17. Ra3 Be6 18. Nd5 Nxd5 19. exd5 Bf5 20. Rb3 Qc7 21. Rb6 Rad8 22. Be4 Bxe4 23. Rxe4 Bf6 24. Bxd6 Qd7 25. c4 Rxe4 26. dxe4 Re8 27. Qc2 Bd8 28. Bxc5 Bxb6 29. Bxb6 Qe7 30. Kf2 Qxe4 31. Qxe4 Rxe4 32. d6 1-0

[Event "Timbo op"]
[Site "Timbo"]
[Date "2021.06.12"]
[Round "3"]
[White "Moretto, Heitor Frainer"]
[Black "Rodio, Julia Brunetto"]
[Result "0-1"]
[WhiteElo "1563"]
[BlackElo "1771"]
[PlyCount "58"]
[EventDate "2021.06.11"]
[EventType "swiss"]
[EventRounds "6"]
[EventCountry "BRA"]
[SourceTitle "EXT 2022"]
[Source "ChessBase"]
[SourceDate "2021.10.06"]
[SourceVersion "1"]
[SourceVersionDate "2021.10.06"]
[SourceQuality "1"]

1. d4 Nf6 2. Bg5 g6 3. Bxf6 exf6 4. e3 Bg7 5. g3 0-0 6. Bg2 d5 7. Ne2 f5 8. 0-0 c6 9. c4 dxc4 10. Qc2 Nd7 11. Nd2 Nf6 12. Nxc4 Nd5 13. a3 Be6 14. b4 Re8 15. Rab1 Rc8 16. Rfc1 Bh6 17. Qd3 a6 18. a4 Nf6 19. Nc3 f4 20. Re1 fxe3 21. fxe3 Bxc4 22. Qxc4 Bxe3+ 23. Kh1 Qxd4 24. Qb3 Bd2 25. Rxe8+ Rxe8 26. Na2 Ng4 27. h3 Nf2+ 28. Kh2 Re3 29. Qb2 Qd6 0-1

[Event "Timbo op"]
[Site "Timbo"]
[Date "2021.02.21"]
[Round "5"]
[White "Butzke, Artur de Castro"]
[Black "Rodio, Julia Brunetto"]
[Result "0-1"]
[WhiteElo "1154"]
[BlackElo "1767"]
[PlyCount "80"]
[EventDate "2021.02.19"]
[EventType "swiss"]
[EventRounds "6"]
[EventCountry "BRA"]
[SourceTitle "EXT 2022"]
[Source "ChessBase"]
[SourceDate "2021.10.06"]
[SourceVersion "1"]
[SourceVersionDate "2021.10.06"]
[SourceQuality "1"]

1. d4 Nf6 2. c4 g6 3. Nc3 Bg7 4. Nf3 0-0 5. e4 d6 6. Bd3 Nbd7 7. 0-0 e5 8. d5 a5 9. Be3 h6 10. Qd2 Ng4 11. h3 Nxe3 12. Qxe3 f5 13. Nh2 f4 14. Qf3 Nf6 15. Rab1 Nh7 16. g4 Qh4 17. Qg2 Ng5 18. Nf3 Nxh3+ 19. Kh2 Qxg4 20. Qxg4 Bxg4 21. Be2 Bxf3 22. Kxh3 Bxe2 23. Nxe2 f3 24. Nc3 Rf4 25. Nb5 Rc8 26. Na7 Rcf8 27. Nb5 R8f7 28. Rbe1 Bf6 29. Rg1 g5 30. Rh1 h5 31. Kh2 g4 32. Kg3 h4+ 33. Rxh4 Bxh4+ 34. Kxh4 Rh7+ 35. Kg5 Rg7+ 36. Kh5 g3 37. fxg3 Rxg3 38. Rh1 Rf7 39. Kh4 Rg2 40. Kh3 Rh7# 0-1

[Event "Florianopolis Winter op 5th"]
[Site "Florianopolis"]
[Date "2019.09.01"]
[Round "6"]
[White "Rodio, Julia Brunetto"]
[Black "Pertuzatti, Daniel"]
[Result "0-1"]
[WhiteElo "1782"]
[BlackElo "1935"]
[PlyCount "92"]
[EventDate "2019.08.30"]
[EventType "swiss"]
[EventRounds "7"]
[EventCountry "BRA"]
[SourceTitle "EXT 2020"]
[Source "ChessBase"]
[SourceDate "2019.10.17"]
[SourceVersion "1"]
[SourceVersionDate "2019.10.17"]
[SourceQuality "1"]

1. Nc3 d5 2. e4 d4 3. Nce2 c5 4. d3 Nc6 5. g3 e5 6. Bg2 h5 7. h3 Be6 8. Nf3 f6 9. Nh4 Bf7 10. f4 Qc7 11. f5 0-0-0 12. Bd2 c4 13. 0-0 Qb6 14. Bc1 Bc5 15. Kh2 Nge7 16. b3 cxd3 17. cxd3 Kb8 18. Bb2 Bd6 19. Nf3 g6 20. fxg6 Nxg6 21. Nd2 Be7 22. a3 Qb5 23. Qc2 Rc8 24. Nc4 Na5 25. Nc1 h4 26. g4 Nf4 27. a4 Qd7 28. Qd2 Nc6 29. Ba3 Bxa3 30. Nxa3 Be6 31. b4 Rcg8 32. b5 Ne7 33. Bf3 Nxh3 34. Kxh3 Bxg4+ 35. Kh2 Bxf3 36. Rxf3 Rg3 37. Rxg3 hxg3+ 38. Kg1 Rh2 39. Qxh2 gxh2+ 40. Kxh2 Qg4 41. Ra2 Qh4+ 42. Kg2 f5 43. Rf2 Qg5+ 44. Kh2 Qxc1 45. Nc4 Qh6+ 46. Kg1 fxe4 0-1

[Event "Florianopolis Winter op 5th"]
[Site "Florianopolis"]
[Date "2019.08.31"]
[Round "3"]
[White "Duarte, Leonardo Torqui"]
[Black "Rodio, Julia Brunetto"]
[Result "0-1"]
[WhiteElo "1617"]
[BlackElo "1782"]
[PlyCount "70"]
[EventDate "2019.08.30"]
[EventType "swiss"]
[EventRounds "7"]
[EventCountry "BRA"]
[SourceTitle "EXT 2020"]
[Source "ChessBase"]
[SourceDate "2019.10.17"]
[SourceVersion "1"]
[SourceVersionDate "2019.10.17"]
[SourceQuality "1"]

1. e4 c5 2. Nf3 a6 3. Nc3 e6 4. d4 cxd4 5. Nxd4 Qc7 6. Bc4 Qxc4 7. Bf4 Bb4 8. Bd2 Qxd4 9. 0-0 Nf6 10. Ne2 Qxd2 11. c3 Qxd1 12. Raxd1 Bc5 13. e5 Ng4 14. Ng3 Nc6 15. Rde1 Ncxe5 16. Ne4 Bxf2+ 17. Nxf2 Nxf2 18. Rxe5 Nd3 19. Re3 Nxb2 20. Re4 b5 21. c4 Nxc4 22. Rc1 Bb7 23. Rd4 Bd5 24. a4 0-0 25. Ra1 b4 26. Rc1 b3 27. Rdxc4 Bxc4 28. Rxc4 b2 29. Rf4 b1Q+ 30. Rf1 Qe4 31. a5 Rfc8 32. h3 Rc2 33. Rf2 Qe3 34. Kh1 Qxf2 35. h4 Qxg2# 0-1